000 01189am a2200397a 44500
003 AR-BaBNM
005 20251128210532.0
008 080020s1998 #AR|||||||||||000 | esp||
020 _a84-277-1241-3
040 _cAR-BaBNM
100 1 _aSáinz, Ma. Carmen
245 1 0 _aEducación infantil
_bcontenidos, procesos y experiencias
260 _aMadrid
_bNarcea
_c1998
300 _a314 p.
_btablas
490 0 _aEducación hoy. Estudios
500 _aContiene índice temático e índice de nombres
504 _aContiene referencias bibliográficas al final de cada capítulo
650 4 _aSALUD
650 4 _aDESARROLLO DEL NIÑO
650 4 _aSEXUALIDAD INFANTIL
650 4 _aPROCESO COGNOSCITIVO
650 4 _aPSICOLOGIA EVOLUTIVA
650 4 _aENSEÑANZA DE LAS MATEMATICAS
650 4 _aPOESIA
650 4 _aEDUCACION MUSICAL
650 4 _aMEDIOS DE COMUNICACION
650 4 _aEDUCACION ARTISTICA
650 4 _aMETODOS DE ENSEÑANZA
653 _aEDUCACION INICIAL
653 _aEXPRESION CORPORAL
653 _aORGANIZACION DEL ESPACIO ESCOLAR
653 _aARTICULACION DE NIVELES
700 1 _aArgos, Javier
942 _cBK
998 _cRaquel
999 _c15842
_d15842